LEGO Ninjago Season 8: Sons of Garmadon Minifigures - Statistics

General Stats
  • This quiz has been taken 29 times
  • The average score is 14 of 18
Answer Stats
Picture Answer % Correct
Cole
100%
Harumi
96%
Jay
96%
Kai
96%
Lloyd
96%
Lord Garmadon
96%
Nya
96%
Zane / Snake Jaguar
96%
Mr. E
92%
Samurai X
92%
Ultra Violet
92%
Wu
92%
Killow
71%
Hutchins
58%
Luke Cunningham
50%
Chopper Maroon
29%
Nails
29%
Skip Vicious
21%
No matching quizzes found
Score Distribution
Percent of People with Each Score
Percentile by Number Answered
Your Score History
You have not taken this quiz